[Event "Kitchener Masters"]
[Site "Kitchener CAN"]
[Date "2001.09.15"]
[Round "1"]
[White "Laughlin, Steve"]
[Black "Dougherty, Michael"]
[Result "0-1"]
[WhiteElo "2054"]
[BlackElo "2355"]
[PlyCount "61"]
[GameId "2160767911485209"]
[EventDate "2001.09.15"]
[EventType "tourn"]
[EventRounds "9"]
[EventCountry "CAN"]
[SourceTitle "EXT 2022"]
[Source "ChessBase"]
[SourceDate "2021.10.06"]
[SourceVersion "1"]
[SourceVersionDate "2021.10.06"]
[SourceQuality "1"]

1. Nf3 c5 2. g3 g6 3. Bg2 Bg7 4. d3 Nc6 5. O-O d6 6. e4 e5 7. c3 Nge7 8. Nbd2 O-O 9. h3 h6 10. Nc4 Be6 11. Ne3 Qd7 12. Kh2 f5 13. c4 Rf7 14. Nd5 Raf8 15. a3 g5 16. Rb1 Ng6 17. Qd2 fxe4 18. Ng1 exd3 19. Qxd3 Bf5 20. Be4 Bxe4 21. Qxe4 Rxf2+ 22. Rxf2 Rxf2+ 23. Kh1 Qf5 24. Qxf5 Rxf5 25. b4 cxb4 26. axb4 e4 27. Be3 b6 28. h4 gxh4 29. gxh4 Kf7 30. b5 Na5 31. Rd1 0-1

[Event "Kitchener Masters"]
[Site "Kitchener CAN"]
[Date "2001.09.15"]
[Round "1"]
[White "Zybura, Andre"]
[Black "Demmery, Steve"]
[Result "1-0"]
[WhiteElo "2020"]
[BlackElo "2122"]
[PlyCount "85"]
[GameId "2160767911485210"]
[EventDate "2001.09.15"]
[EventType "tourn"]
[EventRounds "9"]
[EventCountry "CAN"]
[SourceTitle "EXT 2022"]
[Source "ChessBase"]
[SourceDate "2021.10.06"]
[SourceVersion "1"]
[SourceVersionDate "2021.10.06"]
[SourceQuality "1"]

1. d4 Nf6 2. Nf3 c5 3. c3 b6 4. Bf4 Bb7 5. e3 e6 6. Bd3 Be7 7. Nbd2 d5 8. Bxb8 Rxb8 9. Qa4+ Kf8 10. Ne5 g6 11. Qxa7 Kg7 12. Qa4 Qc7 13. Qd1 Nd7 14. Nxd7 Qxd7 15. O-O Ra8 16. Qe2 Bf6 17. f4 Ra7 18. a3 Rha8 19. Nf3 c4 20. Bc2 Bc6 21. Ne5 Qe8 22. Rae1 Ba4 23. Bb1 Be7 24. e4 f6 25. Nf3 Bc6 26. g4 Bd6 27. e5 fxe5 28. Nxe5 Re7 29. Rf3 Bd7 30. Qf2 Bxe5 31. fxe5 Rf7 32. Rf6 Qe7 33. g5 Ba4 34. Rf1 Raf8 35. Qf3 Kg8 36. h4 Rxf6 37. exf6 Qc7 38. Re1 Kf7 39. Re5 Qd6 40. h5 Rh8 41. Qh3 gxh5 42. Qxh5+ Kf8 43. g6 1-0

[Event "Kitchener Masters"]
[Site "Kitchener CAN"]
[Date "2001.09.15"]
[Round "2"]
[White "Allen, Graham"]
[Black "Peredun, Andrew"]
[Result "1-0"]
[WhiteElo "2175"]
[BlackElo "2268"]
[PlyCount "77"]
[GameId "2160767911485211"]
[EventDate "2001.09.15"]
[EventType "tourn"]
[EventRounds "9"]
[EventCountry "CAN"]
[SourceTitle "EXT 2022"]
[Source "ChessBase"]
[SourceDate "2021.10.06"]
[SourceVersion "1"]
[SourceVersionDate "2021.10.06"]
[SourceQuality "1"]

1. e4 e6 2. d3 d5 3. Nd2 c5 4. g3 Nc6 5. Bg2 Nf6 6. Ngf3 Be7 7. O-O b6 8. Re1 Bb7 9. e5 Nd7 10. c3 Qc7 11. Qe2 O-O-O 12. Nf1 Rdg8 13. d4 c4 14. b3 b5 15. a4 b4 16. bxc4 Ba6 17. Ne3 Nb6 18. cxb4 Bxb4 19. Bd2 Bxc4 20. Nxc4 Nxc4 21. Bxb4 Nxb4 22. Rac1 Nc6 23. Rxc4 dxc4 24. Qxc4 Ne7 25. Qa6+ Kd7 26. Ng5 Rb8 27. d5 Qb6 28. Qd3 Ke8 29. dxe6 fxe6 30. Rd1 Rd8 31. Qxd8+ Qxd8 32. Rxd8+ Kxd8 33. Nf7+ Ke8 34. Nxh8 Kf8 35. Be4 Kg8 36. f4 Kxh8 37. Kf2 h6 38. Ke3 g5 39. Kd4 1-0

[Event "Kitchener Masters"]
[Site "Kitchener CAN"]
[Date "2001.09.15"]
[Round "2"]
[White "Demmery, Steve"]
[Black "Jung, Hans"]
[Result "1/2-1/2"]
[WhiteElo "2122"]
[BlackElo "2291"]
[PlyCount "91"]
[GameId "2160767911485212"]
[EventDate "2001.09.15"]
[EventType "tourn"]
[EventRounds "9"]
[EventCountry "CAN"]
[SourceTitle "EXT 2022"]
[Source "ChessBase"]
[SourceDate "2021.10.06"]
[SourceVersion "1"]
[SourceVersionDate "2021.10.06"]
[SourceQuality "1"]

1. d4 b6 2. e4 e6 3. Nf3 Bb7 4. Bd3 c5 5. c3 d6 6. Be3 Nf6 7. Nbd2 Be7 8. h3 Nc6 9. O-O Qc7 10. Qe2 O-O 11. Rac1 Rac8 12. a3 Qb8 13. Bb1 Rc7 14. Qd3 cxd4 15. Bxd4 Nxd4 16. Nxd4 g6 17. Rfe1 Rd7 18. Qe3 e5 19. N4f3 Kg7 20. Rcd1 Nh5 21. Nf1 f6 22. Qd2 d5 23. Ne3 Nf4 24. Ba2 d4 25. Nd5 Nxd5 26. Bxd5 Bxd5 27. exd5 dxc3 28. Qxc3 Rfd8 29. Qc6 Rd6 30. Qc4 Qb7 31. Re3 Rxd5 32. Rxd5 Rxd5 33. Re2 Qd7 34. Qc3 Rc5 35. Qe3 Qc7 36. g3 Qc6 37. Re1 Rc4 38. Re2 Bc5 39. Qb3 e4 40. Ne1 Rc1 41. Kh2 Bxf2 42. Rxf2 Rxe1 43. Qb4 Rc1 44. Qe7+ Kh6 45. Qf8+ Kh5 46. Rf5+ 1/2-1/2

[Event "Kitchener Masters"]
[Site "Kitchener CAN"]
[Date "2001.09.15"]
[Round "2"]
[White "Dougherty, Michael"]
[Black "Kret, Ted"]
[Result "1-0"]
[WhiteElo "2355"]
[BlackElo "2219"]
[PlyCount "103"]
[GameId "2160767911485213"]
[EventDate "2001.09.15"]
[EventType "tourn"]
[EventRounds "9"]
[EventCountry "CAN"]
[SourceTitle "EXT 2022"]
[Source "ChessBase"]
[SourceDate "2021.10.06"]
[SourceVersion "1"]
[SourceVersionDate "2021.10.06"]
[SourceQuality "1"]

1. d4 Nf6 2. Nf3 g6 3. c4 Bg7 4. Nc3 O-O 5. e4 d6 6. Be2 e5 7. d5 Na6 8. Bg5 h6 9. Bh4 Qe8 10. Nd2 Bd7 11. Rb1 Nc5 12. f3 a5 13. O-O Nh5 14. Qc2 Nf4 15. Rfe1 Nxe2+ 16. Rxe2 Kh8 17. b3 Rg8 18. a3 Bf8 19. b4 axb4 20. axb4 Na6 21. Nd1 Be7 22. Bxe7 Qxe7 23. Ne3 Raf8 24. Qc3 Kh7 25. Rf1 f5 26. exf5 gxf5 27. f4 e4 28. Nb3 c5 29. dxc6 bxc6 30. Ra1 Nc7 31. Ra7 Ne6 32. Rf2 Rf7 33. Nd4 Qf6 34. Ne2 Qd8 35. c5 Qb8 36. Ra1 dxc5 37. bxc5 Qb5 38. Rc1 Qa4 39. Ng3 Nc7 40. Qe5 Nb5 41. Nh5 Qa3 42. Rd1 Rg6 43. Nc4 Qb3 44. Rfd2 Re6 45. Rxd7 Rxe5 46. Nxe5 Kg8 47. Nxf7 Nc3 48. Nxh6+ Kh8 49. Rd8+ Kh7 50. R1d7+ Kg6 51. Rg7+ Kxh5 52. Rg5+ 1-0

[Event "Kitchener Masters"]
[Site "Kitchener CAN"]
[Date "2001.09.15"]
[Round "2"]
[White "Vaingorten, Yaaqov"]
[Black "Laughlin, Steve"]
[Result "1-0"]
[WhiteElo "2250"]
[BlackElo "2054"]
[PlyCount "93"]
[GameId "2160767911485214"]
[EventDate "2001.09.15"]
[EventType "tourn"]
[EventRounds "9"]
[EventCountry "CAN"]
[SourceTitle "EXT 2022"]
[Source "ChessBase"]
[SourceDate "2021.10.06"]
[SourceVersion "1"]
[SourceVersionDate "2021.10.06"]
[SourceQuality "1"]

1. d4 Nf6 2. c4 g6 3. Nc3 Bg7 4. e4 d6 5. Nf3 O-O 6. Be2 c5 7. O-O cxd4 8. Nxd4 Nc6 9. Be3 h6 10. Qd2 Kh7 11. f3 a6 12. Rab1 e6 13. Rfd1 Ne8 14. c5 d5 15. exd5 exd5 16. Na4 Be6 17. Nb6 Rb8 18. Nxc6 bxc6 19. Bxa6 Nc7 20. Bf1 Re8 21. Bf4 Rb7 22. Re1 d4 23. Nc4 Ra7 24. Nd6 Re7 25. a3 Rd7 26. Be5 Bxe5 27. Rxe5 Bd5 28. Qxd4 Ne6 29. Qc3 Qf6 30. Rbe1 Nxc5 31. Qxc5 Qxd6 32. Qxd6 Rxd6 33. Rc1 Rdd7 34. Re3 Rdb7 35. b4 Kg7 36. Kf2 Kf6 37. h4 h5 38. Rcc3 Rb6 39. Ke1 Rba6 40. Bxa6 Rxa6 41. Kd2 Kf5 42. Ke2 f6 43. Kf2 g5 44. hxg5 fxg5 45. Rc5 Rb6 46. Rec3 Ke5 47. b5 1-0

[Event "Kitchener Masters"]
[Site "Kitchener CAN"]
[Date "2001.09.15"]
[Round "2"]
[White "Zybura, Andre"]
[Black "Gurevich, Artjom"]
[Result "0-1"]
[WhiteElo "2020"]
[BlackElo "2297"]
[PlyCount "124"]
[GameId "2160767911485215"]
[EventDate "2001.09.15"]
[EventType "tourn"]
[EventRounds "9"]
[EventCountry "CAN"]
[SourceTitle "EXT 2022"]
[Source "ChessBase"]
[SourceDate "2021.10.06"]
[SourceVersion "1"]
[SourceVersionDate "2021.10.06"]
[SourceQuality "1"]

1. Nf3 c5 2. c4 Nf6 3. g3 b6 4. Bg2 Bb7 5. O-O e6 6. Nc3 Be7 7. d4 cxd4 8. Qxd4 d6 9. Rd1 a6 10. b3 Nbd7 11. e4 Qc7 12. Ba3 Nc5 13. e5 dxe5 14. Qxe5 Qxe5 15. Nxe5 Bxg2 16. Kxg2 Rc8 17. Bb2 O-O 18. Rd4 Rc7 19. Rad1 Rb8 20. b4 Nb7 21. a3 h5 22. Na4 b5 23. cxb5 axb5 24. Nc3 Nd8 25. Nd7 Nxd7 26. Rxd7 Rxd7 27. Rxd7 Bf6 28. Nd1 Bxb2 29. Nxb2 Nc6 30. Nd3 Ra8 31. Rd6 Rxa3 32. Rxc6 Rxd3 33. Rc8+ Kh7 34. Rb8 Rd5 35. Rb7 Kg6 36. h4 Rf5 37. Rb6 Kf6 38. Rb7 g6 39. Kf1 Kg7 40. Kg2 Kh6 41. Rb6 Re5 42. f4 Rf5 43. Kf3 Kg7 44. Kg2 Kf6 45. Rb7 Rd5 46. Kf3 e5 47. fxe5+ Rxe5 48. Kf4 Rf5+ 49. Ke4 Ke6 50. Rb6+ Kd7 51. Ke3 Kc7 52. Ra6 Rf1 53. Ke4 Rb1 54. Ra7+ Kd6 55. Rxf7 Rxb4+ 56. Kf3 Rg4 57. Kf2 Kc5 58. Rf3 b4 59. Ke2 Rd4 60. Rf6 b3 61. Ke3 Rb4 62. Kd2 b2 0-1

[Event "Kitchener Masters"]
[Site "Kitchener CAN"]
[Date "2001.09.16"]
[Round "3"]
[White "Allen, Graham"]
[Black "Demmery, Steve"]
[Result "1-0"]
[WhiteElo "2175"]
[BlackElo "2122"]
[PlyCount "65"]
[GameId "2160767911485216"]
[EventDate "2001.09.15"]
[EventType "tourn"]
[EventRounds "9"]
[EventCountry "CAN"]
[SourceTitle "EXT 2022"]
[Source "ChessBase"]
[SourceDate "2021.10.06"]
[SourceVersion "1"]
[SourceVersionDate "2021.10.06"]
[SourceQuality "1"]

1. d4 d5 2. c4 Bf5 3. cxd5 Bxb1 4. Qa4+ c6 5. Rxb1 Qxd5 6. Nf3 Nd7 7. e3 Qe4 8. Ra1 e6 9. Qb3 Nb6 10. Bd3 Qd5 11. Qc2 Bb4+ 12. Bd2 Bxd2+ 13. Qxd2 Nf6 14. O-O O-O 15. Qc2 Qh5 16. e4 Rfd8 17. a4 Nbd7 18. a5 a6 19. Qb3 Rab8 20. e5 Nd5 21. Be4 Nc7 22. Bd3 Nf8 23. Bc4 Ng6 24. Qb6 Na8 25. Qc5 Nf4 26. Kh1 Nxg2 27. Rg1 Qxf3 28. Rxg2 Nc7 29. Qe7 Nd5 30. Bxd5 cxd5 31. Ra3 Qd1+ 32. Rg1 Qxd4 33. Rxg7+ 1-0

[Event "Kitchener Masters"]
[Site "Kitchener CAN"]
[Date "2001.09.16"]
[Round "3"]
[White "Gurevich, Artjom"]
[Black "Dougherty, Michael"]
[Result "0-1"]
[WhiteElo "2297"]
[BlackElo "2355"]
[PlyCount "66"]
[GameId "2160767911485217"]
[EventDate "2001.09.15"]
[EventType "tourn"]
[EventRounds "9"]
[EventCountry "CAN"]
[SourceTitle "EXT 2022"]
[Source "ChessBase"]
[SourceDate "2021.10.06"]
[SourceVersion "1"]
[SourceVersionDate "2021.10.06"]
[SourceQuality "1"]

1. d4 d5 2. Nf3 c6 3. c4 e6 4. e3 Nd7 5. Bd3 f5 6. O-O Ngf6 7. Ng5 Qe7 8. b3 Ne4 9. Nh3 Qh4 10. f3 Ng5 11. Nxg5 Qxg5 12. e4 Qf6 13. Be3 Bb4 14. Qc2 O-O 15. Nc3 dxc4 16. Bxc4 b5 17. Bd3 Bb7 18. Ne2 Rac8 19. a3 Ba5 20. b4 Bb6 21. Bf2 e5 22. Qb3+ Kh8 23. f4 fxe4 24. fxe5 Qg6 25. Bc2 Qg4 26. Bd1 Rxf2 27. Rxf2 Nxe5 28. Kh1 Nd3 29. Rf7 Ba6 30. Nf4 Qh4 31. Nxd3 Bxd4 32. Qe6 Rd8 33. Ne5 Qe1+ 0-1

[Event "Kitchener Masters"]
[Site "Kitchener CAN"]
[Date "2001.09.16"]
[Round "3"]
[White "Jung, Hans"]
[Black "Zybura, Andre"]
[Result "1-0"]
[WhiteElo "2291"]
[BlackElo "2020"]
[PlyCount "85"]
[GameId "2160767911485218"]
[EventDate "2001.09.15"]
[EventType "tourn"]
[EventRounds "9"]
[EventCountry "CAN"]
[SourceTitle "EXT 2022"]
[Source "ChessBase"]
[SourceDate "2021.10.06"]
[SourceVersion "1"]
[SourceVersionDate "2021.10.06"]
[SourceQuality "1"]

1. Nf3 c5 2. e4 Nc6 3. h3 e6 4. c3 d5 5. exd5 Qxd5 6. Na3 Nf6 7. d4 cxd4 8. Nb5 Qd8 9. Nbxd4 Nxd4 10. Nxd4 Be7 11. Qa4+ Bd7 12. Qb3 e5 13. Nf3 Qc7 14. Bc4 O-O 15. Ng5 Be8 16. O-O h6 17. Nf3 b5 18. Bxb5 Rb8 19. Qc4 Bc5 20. Ba6 Qd6 21. Qe2 e4 22. Nh2 Bd7 23. Rd1 Qg3 24. Nf1 Qg6 25. Kh1 Bg4 26. hxg4 Nxg4 27. Be3 Qh5+ 28. Kg1 Bxe3 29. fxe3 Rb6 30. Bc4 Rf6 31. g3 Rf3 32. Rd5 Qg6 33. Rad1 h5 34. Rd6 Nf6 35. Qg2 Qg5 36. Be2 Rf5 37. c4 g6 38. b4 Kg7 39. Rd8 Rxd8 40. Rxd8 Ng4 41. Bxg4 hxg4 42. Qb2+ f6 43. Qd4 1-0

[Event "Kitchener Masters"]
[Site "Kitchener CAN"]
[Date "2001.09.16"]
[Round "3"]
[White "Laughlin, Steve"]
[Black "Peredun, Andrew"]
[Result "0-1"]
[WhiteElo "2054"]
[BlackElo "2268"]
[PlyCount "52"]
[GameId "2160767911485220"]
[EventDate "2001.09.15"]
[EventType "tourn"]
[EventRounds "9"]
[EventCountry "CAN"]
[SourceTitle "EXT 2022"]
[Source "ChessBase"]
[SourceDate "2021.10.06"]
[SourceVersion "1"]
[SourceVersionDate "2021.10.06"]
[SourceQuality "1"]

1. e4 c5 2. Nf3 Nc6 3. d4 cxd4 4. Nxd4 e5 5. Nb5 d6 6. N1c3 a6 7. Na3 b5 8. Nd5 Nge7 9. c3 Nxd5 10. Qxd5 Qc7 11. Nc2 Be6 12. Qd1 Rd8 13. Ne3 Ne7 14. a4 d5 15. axb5 d4 16. b6 Qxb6 17. Rxa6 Qb7 18. cxd4 Rxd4 19. Qc2 Ng6 20. Bd2 Rxd2 21. Kxd2 Bb4+ 22. Kc1 O-O 23. Rc6 Ra8 24. b3 Ra1+ 25. Kb2 Qa7 26. Ra6 Qd4+ 0-1

[Event "Kitchener Masters"]
[Site "Kitchener CAN"]
[Date "2001.09.22"]
[Round "4"]
[White "Demmery, Steve"]
[Black "Laughlin, Steve"]
[Result "1/2-1/2"]
[WhiteElo "2122"]
[BlackElo "2054"]
[PlyCount "94"]
[GameId "2160767911485221"]
[EventDate "2001.09.15"]
[EventType "tourn"]
[EventRounds "9"]
[EventCountry "CAN"]
[SourceTitle "EXT 2022"]
[Source "ChessBase"]
[SourceDate "2021.10.06"]
[SourceVersion "1"]
[SourceVersionDate "2021.10.06"]
[SourceQuality "1"]

1. c4 Nf6 2. Nc3 g6 3. g3 Bg7 4. Bg2 O-O 5. d4 d6 6. e3 Nbd7 7. Nge2 e5 8. O-O Nh5 9. Bd2 f5 10. f4 Nhf6 11. b4 Re8 12. c5 exd4 13. exd4 Ne4 14. Nxe4 fxe4 15. Qb3+ Kh8 16. Bc3 Nf6 17. cxd6 Qxd6 18. d5 Bg4 19. Bxf6 Bxf6 20. Rfe1 a5 21. b5 Rad8 22. h3 Bxe2 23. Rxe2 Qxd5 24. Rc1 Qd4+ 25. Kh2 a4 26. Qa3 Rd7 27. Rcc2 Bg7 28. Qc1 Qb6 29. Bxe4 Qxb5 30. Qe1 Rde7 31. Bf3 Rxe2+ 32. Rxe2 Rxe2+ 33. Qxe2 Qxe2+ 34. Bxe2 Kg8 35. Kg2 Kf8 36. Kf3 Ke7 37. Bb5 a3 38. Ke4 Kd6 39. Kd3 c6 40. Bc4 b5 41. Bg8 h6 42. Bf7 g5 43. fxg5 hxg5 44. Kc2 c5 45. Be8 b4 46. Bf7 Ke5 47. Kd3 Kf5 1/2-1/2

[Event "Kitchener Masters"]
[Site "Kitchener CAN"]
[Date "2001.09.22"]
[Round "4"]
[White "Jung, Hans"]
[Black "Allen, Graham"]
[Result "1-0"]
[WhiteElo "2291"]
[BlackElo "2175"]
[PlyCount "43"]
[GameId "2160767911485222"]
[EventDate "2001.09.15"]
[EventType "tourn"]
[EventRounds "9"]
[EventCountry "CAN"]
[SourceTitle "EXT 2022"]
[Source "ChessBase"]
[SourceDate "2021.10.06"]
[SourceVersion "1"]
[SourceVersionDate "2021.10.06"]
[SourceQuality "1"]

1. e4 e6 2. d4 d5 3. e5 c5 4. c3 Nc6 5. Nf3 Qb6 6. Bd3 Bd7 7. dxc5 Bxc5 8. O-O f5 9. b4 Be7 10. Na3 Nd8 11. Be3 Qc7 12. Nb5 Bxb5 13. Bxb5+ Kf8 14. c4 dxc4 15. Rc1 c3 16. Qb3 Rc8 17. Rfd1 c2 18. Rd7 Qc3 19. Rxd8+ Bxd8 20. Qxe6 g6 21. Qe8+ Kg7 22. Nd4 1-0

[Event "Kitchener Masters"]
[Site "Kitchener CAN"]
[Date "2001.09.22"]
[Round "4"]
[White "Peredun, Andrew"]
[Black "Kret, Ted"]
[Result "0-1"]
[WhiteElo "2268"]
[BlackElo "2219"]
[PlyCount "104"]
[GameId "2160767911485223"]
[EventDate "2001.09.15"]
[EventType "tourn"]
[EventRounds "9"]
[EventCountry "CAN"]
[SourceTitle "EXT 2022"]
[Source "ChessBase"]
[SourceDate "2021.10.06"]
[SourceVersion "1"]
[SourceVersionDate "2021.10.06"]
[SourceQuality "1"]

1. e4 e6 2. d3 d5 3. Nd2 Nf6 4. Ngf3 b6 5. g3 dxe4 6. dxe4 Bc5 7. Bd3 O-O 8. Qe2 e5 9. Nb3 Bd6 10. Bg5 h6 11. Bd2 a5 12. h3 Na6 13. g4 Nh7 14. Rg1 a4 15. Nc1 Re8 16. g5 hxg5 17. Nxg5 Nxg5 18. Bxg5 Be7 19. Bh6 Bf8 20. Qh5 Qd6 21. Ne2 Re6 22. Be3 Qb4+ 23. Kf1 Nc5 24. f4 Qxb2 25. Rd1 Nxd3 26. cxd3 exf4 27. Bd4 Qc2 28. Nxf4 Ra5 29. Qf3 Rh6 30. Rg2 Bxh3 31. Nxh3 Rxh3 32. Rxc2 Rxf3+ 33. Ke2 Rh3 34. Rxc7 Bc5 35. Bxc5 Rxc5 36. Rxc5 bxc5 37. a3 Rh2+ 38. Ke3 Rc2 39. Rb1 Rc3 40. Rb5 c4 41. Kd4 Rxd3+ 42. Kxc4 Rxa3 43. Rb1 Ra2 44. Kd5 a3 45. Ke5 Rb2 46. Rc1 Rb5+ 47. Kf4 Ra5 48. Kg4 a2 49. Ra1 Kf8 50. Kf4 Ke7 51. Kg4 Ke6 52. Kf4 Ra4 0-1

[Event "Kitchener Masters"]
[Site "Kitchener CAN"]
[Date "2001.09.22"]
[Round "4"]
[White "Vaingorten, Yaaqov"]
[Black "Gurevich, Artjom"]
[Result "1/2-1/2"]
[WhiteElo "2250"]
[BlackElo "2297"]
[PlyCount "52"]
[GameId "2160767911485224"]
[EventDate "2001.09.15"]
[EventType "tourn"]
[EventRounds "9"]
[EventCountry "CAN"]
[SourceTitle "EXT 2022"]
[Source "ChessBase"]
[SourceDate "2021.10.06"]
[SourceVersion "1"]
[SourceVersionDate "2021.10.06"]
[SourceQuality "1"]

1. Nf3 Nf6 2. c4 c5 3. Nc3 e6 4. g3 b6 5. Bg2 Bb7 6. O-O Be7 7. d4 cxd4 8. Qxd4 d6 9. Rd1 a6 10. b3 Nbd7 11. Ba3 Nc5 12. e4 Qc7 13. e5 dxe5 14. Qxe5 Rc8 15. Qxc7 Rxc7 16. Ne5 Bxg2 17. Kxg2 Ncd7 18. Bxe7 Kxe7 19. Nxd7 Nxd7 20. Rac1 Rd8 21. f4 Nc5 22. Rxd8 Kxd8 23. Rd1+ Rd7 24. Rxd7+ Kxd7 25. Kf3 f6 26. Ke3 a5 1/2-1/2

[Event "Kitchener Masters"]
[Site "Kitchener CAN"]
[Date "2001.09.22"]
[Round "4"]
[White "Zybura, Andre"]
[Black "Dougherty, Michael"]
[Result "0-1"]
[WhiteElo "2020"]
[BlackElo "2355"]
[PlyCount "62"]
[GameId "2160767911485225"]
[EventDate "2001.09.15"]
[EventType "tourn"]
[EventRounds "9"]
[EventCountry "CAN"]
[SourceTitle "EXT 2022"]
[Source "ChessBase"]
[SourceDate "2021.10.06"]
[SourceVersion "1"]
[SourceVersionDate "2021.10.06"]
[SourceQuality "1"]

1. Nf3 c5 2. c4 Nf6 3. Nc3 e6 4. e3 d5 5. d4 Nc6 6. cxd5 exd5 7. g3 Bd6 8. Bg2 O-O 9. O-O a6 10. b3 Bg4 11. dxc5 Bxc5 12. Bb2 Rc8 13. Rc1 Ba7 14. h3 Bh5 15. Ne2 Bg6 16. Nf4 Be4 17. Bxf6 gxf6 18. Nh4 Bxg2 19. Kxg2 d4 20. Nf5 Kh8 21. exd4 Qd7 22. Qh5 Nxd4 23. Rxc8 Qxc8 24. Ne7 Qc2 25. Qd5 Bc5 26. Re1 Ne6 27. Qf3 Bxe7 28. Nxe6 fxe6 29. Qxb7 Bc5 30. Qf3 e5 31. Rxe5 fxe5 0-1

[Event "Kitchener Masters"]
[Site "Kitchener CAN"]
[Date "2001.09.22"]
[Round "5"]
[White "Allen, Graham"]
[Black "Zybura, Andre"]
[Result "1-0"]
[WhiteElo "2175"]
[BlackElo "2020"]
[PlyCount "71"]
[GameId "2160767911485226"]
[EventDate "2001.09.15"]
[EventType "tourn"]
[EventRounds "9"]
[EventCountry "CAN"]
[SourceTitle "EXT 2022"]
[Source "ChessBase"]
[SourceDate "2021.10.06"]
[SourceVersion "1"]
[SourceVersionDate "2021.10.06"]
[SourceQuality "1"]

1. d4 Nf6 2. c4 e6 3. Nf3 Bb4+ 4. Bd2 Qe7 5. e3 b6 6. Bd3 Bb7 7. O-O Bxd2 8. Nbxd2 O-O 9. e4 d6 10. Qc2 g6 11. Rfe1 Nc6 12. a3 e5 13. d5 Nb8 14. b4 a5 15. Nb3 axb4 16. axb4 Na6 17. Qc3 Rfb8 18. Re2 Qe8 19. Rea2 Qc8 20. c5 bxc5 21. bxc5 Nxc5 22. Rxa8 Rxa8 23. Rxa8 Qxa8 24. Nxc5 dxc5 25. Qxe5 Qa3 26. Bf1 Kg7 27. Qxc7 Qb3 28. Ne5 Bxd5 29. exd5 Qxd5 30. h3 Ne8 31. Qe7 Nd6 32. Nd7 Kh6 33. Qf8+ Kg5 34. h4+ Kf5 35. g3 c4 36. Bh3+ 1-0

[Event "Kitchener Masters"]
[Site "Kitchener CAN"]
[Date "2001.09.22"]
[Round "5"]
[White "Dougherty, Michael"]
[Black "Vaingorten, Yaaqov"]
[Result "1/2-1/2"]
[WhiteElo "2355"]
[BlackElo "2250"]
[PlyCount "29"]
[GameId "2160767911485227"]
[EventDate "2001.09.15"]
[EventType "tourn"]
[EventRounds "9"]
[EventCountry "CAN"]
[SourceTitle "EXT 2022"]
[Source "ChessBase"]
[SourceDate "2021.10.06"]
[SourceVersion "1"]
[SourceVersionDate "2021.10.06"]
[SourceQuality "1"]

1. d4 Nf6 2. c4 e6 3. Nc3 Bb4 4. e3 b6 5. Nge2 Ba6 6. a3 Bxc3+ 7. Nxc3 d5 8. b3 O-O 9. a4 c5 10. Ba3 Nbd7 11. Bd3 e5 12. dxc5 Nxc5 13. Bxc5 bxc5 14. cxd5 Qa5 15. Bxa6 1/2-1/2

[Event "Kitchener Masters"]
[Site "Kitchener CAN"]
[Date "2001.09.22"]
[Round "5"]
[White "Gurevich, Artjom"]
[Black "Peredun, Andrew"]
[Result "1/2-1/2"]
[WhiteElo "2297"]
[BlackElo "2268"]
[PlyCount "82"]
[GameId "2160767911485228"]
[EventDate "2001.09.15"]
[EventType "tourn"]
[EventRounds "9"]
[EventCountry "CAN"]
[SourceTitle "EXT 2022"]
[Source "ChessBase"]
[SourceDate "2021.10.06"]
[SourceVersion "1"]
[SourceVersionDate "2021.10.06"]
[SourceQuality "1"]

1. d4 Nf6 2. Nf3 g6 3. c4 Bg7 4. Nc3 O-O 5. g3 d6 6. Bg2 Nbd7 7. O-O e5 8. h3 c6 9. e4 exd4 10. Nxd4 Re8 11. Be3 Nc5 12. Qc2 Qe7 13. Rfe1 Bd7 14. f3 h5 15. h4 a5 16. Rad1 Bc8 17. Bf2 Nfd7 18. f4 Qf8 19. Nf3 Nf6 20. Ng5 Bg4 21. Rd2 Rad8 22. a3 Nh7 23. b4 axb4 24. axb4 Nxg5 25. hxg5 Ne6 26. Be3 f6 27. gxf6 Qxf6 28. Ne2 h4 29. gxh4 Qxh4 30. Rf1 Bxe2 31. Rxe2 Nd4 32. Qd1 Nxe2+ 33. Qxe2 Re7 34. Bf2 Qf6 35. Qg4 Rf8 36. c5 Qxf4 37. Qxf4 Rxf4 38. cxd6 Rd7 39. Rd1 Bc3 40. Bh3 Rd8 41. Bb6 Rff8 1/2-1/2

[Event "Kitchener Masters"]
[Site "Kitchener CAN"]
[Date "2001.09.22"]
[Round "5"]
[White "Kret, Ted"]
[Black "Demmery, Steve"]
[Result "0-1"]
[WhiteElo "2219"]
[BlackElo "2122"]
[PlyCount "114"]
[GameId "2160767911485229"]
[EventDate "2001.09.15"]
[EventType "tourn"]
[EventRounds "9"]
[EventCountry "CAN"]
[SourceTitle "EXT 2022"]
[Source "ChessBase"]
[SourceDate "2021.10.06"]
[SourceVersion "1"]
[SourceVersionDate "2021.10.06"]
[SourceQuality "1"]

1. Nf3 d5 2. d4 Bf5 3. Bf4 e6 4. Nbd2 Bd6 5. e3 Nd7 6. Bxd6 cxd6 7. Be2 Ngf6 8. O-O O-O 9. Nh4 Be4 10. f3 Bg6 11. g3 Qb6 12. Qc1 Rac8 13. c3 a6 14. Rf2 Qa7 15. a4 Nb8 16. a5 Nc6 17. Qd1 Rfe8 18. Bf1 Qb8 19. Qa4 Qc7 20. Nxg6 hxg6 21. Nb1 g5 22. Nd2 g6 23. Qa3 Kg7 24. c4 Rcd8 25. c5 dxc5 26. dxc5 Rh8 27. b4 Rh7 28. Qb2 Rdh8 29. f4 d4 30. exd4 gxf4 31. Re1 Nd5 32. gxf4 Ncxb4 33. Ne4 Rh4 34. Nd6 Qc6 35. Qe2 R8h5 36. f5 Rg5+ 37. Bg2 Rhg4 38. Ne4 Nf4 39. f6+ Kg8 40. Rxf4 Rxg2+ 41. Qxg2 Rxg2+ 42. Kxg2 Nd3 43. Ref1 Nxf4+ 44. Rxf4 Qd5 45. h4 Qa2+ 46. Kf3 Qxa5 47. Rg4 Qa3+ 48. Kf4 Qh3 49. Ng3 Kf8 50. Kg5 a5 51. h5 gxh5 52. Nxh5 Qxg4+ 53. Kxg4 a4 54. Kf4 a3 55. Ke5 a2 56. Ng3 a1=Q 57. Ne4 Qa2 0-1

[Event "Kitchener Masters"]
[Site "Kitchener CAN"]
[Date "2001.09.22"]
[Round "5"]
[White "Laughlin, Steve"]
[Black "Jung, Hans"]
[Result "0-1"]
[WhiteElo "2054"]
[BlackElo "2291"]
[PlyCount "94"]
[GameId "2160767911485230"]
[EventDate "2001.09.15"]
[EventType "tourn"]
[EventRounds "9"]
[EventCountry "CAN"]
[SourceTitle "EXT 2022"]
[Source "ChessBase"]
[SourceDate "2021.10.06"]
[SourceVersion "1"]
[SourceVersionDate "2021.10.06"]
[SourceQuality "1"]

1. e4 d5 2. exd5 Qxd5 3. Nc3 Qa5 4. d4 c6 5. Bc4 Nf6 6. Bd2 Qc7 7. Qe2 Bf5 8. Nf3 e6 9. Rc1 Nbd7 10. a4 Bd6 11. d5 cxd5 12. Bxd5 Nxd5 13. Nxd5 Qc6 14. Ne3 O-O 15. O-O Be4 16. Nd4 Qxa4 17. Nb5 Qa6 18. Ra1 Qb6 19. Ba5 Qc6 20. Nxd6 Qxd6 21. Rfd1 Qc6 22. Rd4 Nf6 23. Bc3 Nd5 24. Nxd5 exd5 25. Rdd1 Qg6 26. f3 Bf5 27. Rxd5 Bxc2 28. Re1 Ba4 29. Qd2 f6 30. Re7 Bc6 31. Rg5 fxg5 32. Rxg7+ Qxg7 33. Bxg7 Kxg7 34. Qxg5+ Kf7 35. Qf5+ Ke7 36. Qxh7+ Rf7 37. Qh4+ Kd7 38. Qg4+ Kc7 39. Qg3+ Kb6 40. b4 Rd7 41. Qf2+ Kb5 42. Qc5+ Ka4 43. Qa5+ Kb3 44. Qc5 Rd5 45. Qe7 Re8 46. Qh4 Re2 47. h3 Rdd2 0-1